[Event "Nancy Meurthe blitz 17th"]
[Site "Nancy"]
[Date "2019.02.23"]
[Round "4"]
[White "Meier, Georg"]
[Black "Pouchon, Joffrey"]
[Result "1-0"]
[WhiteElo "2623"]
[BlackElo "2100"]
[PlyCount "69"]
[EventDate "2019.02.24"]
[EventType "swiss (blitz)"]
[EventRounds "11"]
[EventCountry "FRA"]
[SourceTitle "CBM 189 Extra"]
[Source "ChessBase"]
[SourceDate "2019.05.31"]
[SourceVersion "1"]
[SourceVersionDate "2019.05.31"]
[SourceQuality "1"]

1. Nf3 d5 2. g3 c5 3. Bg2 Nc6 4. d4 cxd4 5. Nxd4 e5 6. Nxc6 bxc6 7. c4 Bb4+ 8. Bd2 Bxd2+ 9. Qxd2 Ne7 10. cxd5 cxd5 11. Nc3 Be6 12. e3 Qa5 13. 0-0 0-0 14. Rfd1 Rad8 15. a3 d4 16. exd4 Rxd4 17. Qe1 Rfd8 18. b4 Rxd1 19. Rxd1 Rxd1 20. Qxd1 Qb6 21. Na4 Qd4 22. Qxd4 exd4 23. Nc5 Bc4 24. Bf1 Bd5 25. Bd3 g6 26. f4 f5 27. Kf2 Kf7 28. Ke2 Nc8 29. Ba6 Nd6 30. Kd3 Ke7 31. Kxd4 Bg8 32. a4 h6 33. Bd3 g5 34. Ke5 gxf4 35. gxf4 1-0

[Event "FRA-ch op-B"]
[Site "Nancy"]
[Date "2013.08.23"]
[Round "11"]
[White "Bellahcene, Rayane"]
[Black "Pouchon, Joffrey"]
[Result "1/2-1/2"]
[WhiteElo "1989"]
[BlackElo "1917"]
[PlyCount "144"]
[EventDate "2013.08.11"]
[EventType "swiss"]
[EventRounds "11"]
[EventCountry "FRA"]
[SourceTitle "CBM 156 Extra"]
[Source "ChessBase"]
[SourceDate "2013.10.22"]
[SourceVersion "1"]
[SourceVersionDate "2013.10.22"]
[SourceQuality "1"]

1. Nf3 Nf6 2. c4 c5 3. d4 cxd4 4. Nxd4 d6 5. g3 e5 6. Nb3 Be6 7. Bg2 Nc6 8. Na3 d5 9. Bg5 Bb4+ 10. Nd2 dxc4 11. Qa4 Bxd2+ 12. Bxd2 0-0 13. Bc3 Nd5 14. 0-0 Nb6 15. Qc2 Qg5 16. Nb5 Bf5 17. e4 Be6 18. a4 Qe7 19. f4 f6 20. f5 Bf7 21. Qf2 Rad8 22. a5 Nc8 23. Rfd1 a6 24. Na3 Rxd1+ 25. Rxd1 Rd8 26. Qe2 Qc5+ 27. Kh1 Rxd1+ 28. Qxd1 Qd6 29. Qe2 Qc5 30. Qd2 Nd6 31. g4 h5 32. g5 fxg5 33. Qxg5 Qf2 34. Qd2 Nxe4 35. Qxf2 Nxf2+ 36. Kg1 Nd3 37. Bxc6 bxc6 38. Nc2 c5 39. Ne1 e4 40. Nxd3 cxd3 41. Kf2 Be8 42. Ke3 Bc6 43. Bd2 Kf7 44. Kf4 g6 45. h4 c4 46. Kg5 gxf5 47. Kxf5 Ke7 48. Ke5 Kd7 49. Be3 Bb7 50. Kd4 Ke6 51. Kxc4 Kf5 52. Kc3 Kg4 53. Bg5 Bc6 54. Kd2 Kf3 55. Be3 Ba4 56. Bh6 Bb3 57. Bg5 Bf7 58. Bh6 Kg4 59. Bg5 Kf5 60. Bh6 Ke5 61. Bg7+ Kd5 62. Bf6 Kc4 63. Be5 Kb3 64. Bf6 Bc4 65. Be5 Kb4 66. Bc7 Bb5 67. Bd8 Kb3 68. Bf6 e3+ 69. Kxe3 Kc2 70. Bc3 Bc4 71. Bb4 Kxb2 72. Kd2 Bb5 1/2-1/2

[Event "FRA-ch op-B"]
[Site "Nancy"]
[Date "2013.08.21"]
[Round "9"]
[White "Pouchon, Joffrey"]
[Black "Joslin, Jerome"]
[Result "0-1"]
[WhiteElo "1917"]
[BlackElo "1980"]
[PlyCount "64"]
[EventDate "2013.08.11"]
[EventType "swiss"]
[EventRounds "11"]
[EventCountry "FRA"]
[SourceTitle "CBM 156 Extra"]
[Source "ChessBase"]
[SourceDate "2013.10.22"]
[SourceVersion "1"]
[SourceVersionDate "2013.10.22"]
[SourceQuality "1"]

1. d4 d5 2. Nf3 c5 3. c3 Nc6 4. dxc5 e6 5. Be3 a5 6. Na3 Nf6 7. Nb5 e5 8. h3 Be7 9. g3 0-0 10. Bg2 Ne4 11. 0-0 Bxc5 12. Bxc5 Nxc5 13. a4 Be6 14. h4 f6 15. Nd2 Qd7 16. e4 d4 17. Qe2 Rad8 18. Rfd1 Qf7 19. Bf1 f5 20. cxd4 exd4 21. e5 d3 22. Qe3 b6 23. Nd6 Qg6 24. f4 Nb4 25. Qf2 Ne4 26. N2xe4 fxe4 27. Bg2 Rxd6 28. exd6 Nc2 29. Re1 Bd5 30. Rad1 Nxe1 31. Rxe1 Qxd6 32. Bxe4 Bxe4 0-1

[Event "FRA-ch op-C"]
[Site "Nimes"]
[Date "2009.08.22"]
[Round "11"]
[White "Pouchon, Joffrey"]
[Black "Romero, Vladimir"]
[Result "1/2-1/2"]
[WhiteElo "1798"]
[BlackElo "1730"]
[PlyCount "58"]
[EventDate "2009.08.11"]
[EventType "swiss"]
[EventRounds "11"]
[EventCountry "FRA"]
[SourceTitle "EXT 2011"]
[Source "ChessBase"]
[SourceDate "2010.11.26"]
[SourceVersion "1"]
[SourceVersionDate "2010.11.26"]
[SourceQuality "1"]

1. d4 d5 2. Nf3 c5 3. c3 Nc6 4. dxc5 e6 5. b4 a5 6. b5 Na7 7. a4 Bxc5 8. Ba3 Bxa3 9. Nxa3 Bd7 10. e3 Nc8 11. Qd4 Nf6 12. Bd3 0-0 13. 0-0 Nd6 14. c4 Nde4 15. Bxe4 Nxe4 16. cxd5 exd5 17. Qxd5 Nc3 18. Qd2 Nxa4 19. Rfd1 Nc5 20. Rac1 Nb3 21. Qxd7 Qxd7 22. Rxd7 Nxc1 23. Rxb7 Ne2+ 24. Kf1 Nc3 25. Nd4 Nd5 26. Nc6 Nb4 27. Ne7+ Kh8 28. Ke2 Rad8 29. Nc4 a4 1/2-1/2

[Event "FRA-ch op-C"]
[Site "Nimes"]
[Date "2009.08.20"]
[Round "9"]
[White "Gagnepain, Laurent"]
[Black "Pouchon, Joffrey"]
[Result "0-1"]
[WhiteElo "1726"]
[BlackElo "1798"]
[PlyCount "86"]
[EventDate "2009.08.11"]
[EventType "swiss"]
[EventRounds "11"]
[EventCountry "FRA"]
[SourceTitle "EXT 2011"]
[Source "ChessBase"]
[SourceDate "2010.11.26"]
[SourceVersion "1"]
[SourceVersionDate "2010.11.26"]
[SourceQuality "1"]

1. d4 Nf6 2. Nf3 e6 3. c4 d5 4. cxd5 exd5 5. Nc3 c6 6. Bg5 Be7 7. Qc2 Bg4 8. Ne5 Bh5 9. e3 Nbd7 10. Nxd7 Qxd7 11. Bxf6 Bxf6 12. Bd3 Bg6 13. h3 0-0 14. 0-0 Rfe8 15. b4 Rac8 16. a4 Qd6 17. Rab1 Rc7 18. Bxg6 hxg6 19. Rfc1 Rec8 20. a5 Qd8 21. Na4 Be7 22. Rb3 f5 23. Rcb1 Bd6 24. Nc5 Re7 25. Qd3 a6 26. Rc3 Qf8 27. Rbc1 Qf6 28. Qd2 Rce8 29. Nxa6 bxa6 30. Rxc6 f4 31. Qa2 fxe3 32. Qxd5+ Kh7 33. fxe3 Rd8 34. Kh1 Rxe3 35. Rxa6 Qf4 36. Rxd6 Rxd6 37. Qb7 Rxh3+ 38. gxh3 Qxc1+ 39. Kh2 Qf4+ 40. Kg1 Rxd4 41. a6 Rd1+ 42. Kg2 Rd2+ 43. Kg1 Qf2+ 0-1

[Event "FRA-ch op-C"]
[Site "Nimes"]
[Date "2009.08.13"]
[Round "3"]
[White "Pouchon, Joffrey"]
[Black "Cepisul, Kenny"]
[Result "1/2-1/2"]
[WhiteElo "1798"]
[BlackElo "1720"]
[PlyCount "75"]
[EventDate "2009.08.11"]
[EventType "swiss"]
[EventRounds "11"]
[EventCountry "FRA"]
[SourceTitle "EXT 2011"]
[Source "ChessBase"]
[SourceDate "2010.11.26"]
[SourceVersion "1"]
[SourceVersionDate "2010.11.26"]
[SourceQuality "1"]

1. d4 d5 2. Nf3 e6 3. Bf4 Nf6 4. e3 Bd6 5. Bg3 0-0 6. Nbd2 b6 7. c3 c5 8. Bd3 Ba6 9. Bxa6 Nxa6 10. Qe2 c4 11. b3 b5 12. a4 Bxg3 13. hxg3 Qa5 14. 0-0 Qxc3 15. axb5 Nc7 16. Rfc1 Qb4 17. bxc4 dxc4 18. Rab1 Qe7 19. Qxc4 Rfc8 20. b6 axb6 21. Rxb6 Nce8 22. Rc6 Rcb8 23. Qc5 Qxc5 24. R6xc5 h6 25. Ne5 Ra2 26. R5c2 Rab2 27. Rxb2 Rxb2 28. Nec4 Ra2 29. f3 Nd5 30. Ne4 Nec7 31. Nc3 Nxc3 32. Rxc3 Nd5 33. Rb3 Rc2 34. Nb6 Rc3 35. Rxc3 Nxc3 36. e4 Ne2+ 37. Kf2 Nxd4 38. Nd7 1/2-1/2

[Event "FRA-ch op-C"]
[Site "Nimes"]
[Date "2009.08.11"]
[Round "1"]
[White "Pouchon, Joffrey"]
[Black "Riccio, Ulysse"]
[Result "1-0"]
[WhiteElo "1798"]
[BlackElo "1650"]
[PlyCount "111"]
[EventDate "2009.08.11"]
[EventType "swiss"]
[EventRounds "11"]
[EventCountry "FRA"]
[SourceTitle "EXT 2011"]
[Source "ChessBase"]
[SourceDate "2010.11.26"]
[SourceVersion "1"]
[SourceVersionDate "2010.11.26"]
[SourceQuality "1"]

1. d4 Nf6 2. Nf3 g6 3. c4 Bg7 4. Nc3 d6 5. e4 0-0 6. Be2 e5 7. d5 Nbd7 8. 0-0 Nh5 9. Be3 f5 10. Ng5 Ndf6 11. exf5 Nf4 12. Ne6 Bxe6 13. fxe6 N6h5 14. Bxh5 Nxh5 15. Ne4 Qh4 16. f3 Nf4 17. Qd2 g5 18. Bxf4 gxf4 19. g3 Qh6 20. g4 Qg6 21. Rf2 h5 22. Rg2 hxg4 23. Rxg4 Qh5 24. Qg2 Kh8 25. Kf2 Bf6 26. Rg1 Qh7 27. Ke2 c6 28. Rg6 cxd5 29. cxd5 Rac8 30. Rxf6 Rxf6 31. e7 Rh6 32. Kd3 Qxe7 33. Qg4 Qc7 34. Nc3 Qc4+ 35. Kd2 Rxh2+ 36. Ke1 Rh7 37. Qg6 Qc7 38. Qf6+ Rg7 39. Rh1+ Kg8 40. Qe6+ Rf7 41. Rg1+ Kh8 42. Rh1+ Rh7 43. Qf6+ Kg8 44. Rg1+ Rg7 45. Rxg7+ Qxg7 46. Qe6+ Kh7 47. Qxc8 Qg1+ 48. Kd2 Qe3+ 49. Kc2 Qxf3 50. Qd7+ Kg6 51. Qxd6+ Kg5 52. Qxe5+ Kg4 53. Ne2 Qf2 54. Qxf4+ Qxf4 55. Nxf4 Kxf4 56. d6 1-0

[Event "Wasselonne op"]
[Site "Wasselonne"]
[Date "2009.08.07"]
[Round "2"]
[White "Pouchon, Joffrey"]
[Black "Coyne, Jean Claude"]
[Result "1-0"]
[WhiteElo "1795"]
[BlackElo "1610"]
[PlyCount "71"]
[EventDate "2009.08.06"]
[EventType "swiss"]
[EventRounds "7"]
[EventCountry "FRA"]
[SourceTitle "EXT 2011"]
[Source "ChessBase"]
[SourceDate "2010.11.26"]
[SourceVersion "1"]
[SourceVersionDate "2010.11.26"]
[SourceQuality "1"]

1. d4 Nf6 2. Nf3 g6 3. c4 Bg7 4. Nc3 0-0 5. e4 d6 6. Be2 Re8 7. 0-0 b6 8. Re1 Bb7 9. Bf1 Nbd7 10. Bf4 e5 11. dxe5 dxe5 12. Bg5 Bc6 13. Qc2 Nc5 14. Rad1 Qc8 15. Bxf6 Bxf6 16. Nd5 Bg7 17. b4 Ne6 18. g3 Nd4 19. Nxd4 exd4 20. Bg2 Bd7 21. b5 c6 22. bxc6 Bxc6 23. Qd3 Qd7 24. f4 Rac8 25. e5 Bxd5 26. Qxd4 Qa4 27. cxd5 Qxa2 28. Rd2 Qb3 29. d6 Red8 30. Bd5 Qa3 31. Kg2 Kf8 32. Bxf7 Rc6 33. Qd5 Rc5 34. Qe6 Rc7 35. dxc7 Rxd2+ 36. Kh3 1-0

[Event "FRA-ch op-C"]
[Site "Aix les Bains"]
[Date "2007.08.22"]
[Round "9"]
[White "Pouchon, Joffrey"]
[Black "Bugnet, Jean Francois"]
[Result "1-0"]
[WhiteElo "1770"]
[BlackElo "1630"]
[PlyCount "143"]
[EventDate "2007.08.13"]
[EventType "swiss"]
[EventRounds "11"]
[EventCountry "FRA"]
[SourceTitle "CBM 120 Extra"]
[Source "ChessBase"]
[SourceDate "2007.11.01"]
[SourceVersion "1"]
[SourceVersionDate "2007.11.01"]
[SourceQuality "1"]

1. d4 d5 2. Nf3 Nf6 3. Bg5 e6 4. e3 c6 5. c4 Nbd7 6. Nc3 Be7 7. Be2 b6 8. 0-0 0-0 9. Rc1 Bb7 10. a3 a6 11. b4 b5 12. c5 Qc7 13. Bf4 Qd8 14. h3 Nh5 15. Bh2 f5 16. Ne5 Nhf6 17. a4 Ne4 18. a5 Nxe5 19. Bxe5 Nxc3 20. Rxc3 Qd7 21. Bd3 Bd8 22. f4 Bc7 23. Rf3 Bxe5 24. fxe5 Qf7 25. e4 dxe4 26. Bxe4 Qh5 27. Bc2 Rae8 28. Bb3 Bc8 29. Qf1 Kh8 30. Qf2 Qh6 31. Rce3 Re7 32. Re1 g5 33. Rf1 Rg7 34. g4 f4 35. Bd1 Rgf7 36. h4 Qxh4 37. Qxh4 gxh4 38. Kh2 h6 39. Kh3 Kg7 40. Kxh4 Bd7 41. Bc2 Be8 42. g5 h5 43. g6 Rd7 44. Rxf4 Rxd4 45. Rxd4 Rxf1 46. Kxh5 Bxg6+ 47. Bxg6 Rh1+ 48. Kg5 Rg1+ 49. Kf4 Kxg6 50. Rd6 Rf1+ 51. Ke4 Re1+ 52. Kd4 Kf5 53. Rxc6 Rh1 54. Rxa6 Rh4+ 55. Ke3 Kxe5 56. Rb6 Rxb4 57. a6 Ra4 58. Rd6 Ra5 59. Kd3 b4 60. Kc4 b3 61. Rb6 b2 62. Rxb2 Rxa6 63. Kb5 Ra8 64. Rd2 Rb8+ 65. Kc6 Rc8+ 66. Kb6 Kf4 67. c6 e5 68. Kb7 Rxc6 69. Kxc6 e4 70. Kd5 Kf3 71. Kd4 e3 72. Rd3 1-0